00862nam a2200253 i 4500001000300000003000400003005001700007008003900024015001600063020001500079040001400094080001000108080001200118100003500130245007300165260005500238300004700293504003600340650002100376655003000397710003400427700004900461856009800510bgBPK20210129112426.0980713s1996 pl a f f |001 0 pol aPB 1997/113 a8301121076 aWA NcBPK a628.1 a(075.8)1 aKowal, Apolinary LeszekeAutor10aOczyszczanie wody /cApolinary L. Kowal, Maria Świderska-Bróż. aWarszawa ;aWrocław :bWydaw. Naukowe PWN,c1996. a614, [2] s. :brys., wykr., err. ;c25 cm. aBibliogr. przy rozdz. - Indeks. 4aUzdatnianie wody 4aPodręczniki akademickie2 aWydawnictwo Naukowe PWN4pbl.1 aŚwiderska-Bróż, Mariad(1947- )eAutor uhttp://koha.tu.koszalin.pl/cgi-bin/koha/opac-detail.pl?biblionumber=24797yKatalog online BPK